000 01119cab a2200289 4500
001 X90560
008 090401t1999 xxu||||| |||| 00| 0 eng d
035 _a(Sirsi) u90560
041 _aeng
100 _aBarnsley, D.G.
245 _aEquitable easements - sixty years on
260 _c1999
350 _a0
490 _aLaw Quarterly Review
_v115 January 1999, 89-118(30)
520 _aDiscusses the development of the law, using individual case studies as examples, relating to easements since 1925 and promotes a further review. Seeks to clarify some of the most common uncertainities and raises issues which have until now escaped attention. Comments on the different circumstances that arise in registered and unregistered land.
650 _aEQUITABLE EASEMENTS
650 _aESTOPPEL
650 _aLAND REGISTRATION ACT 1925
650 _aLAW OF PROPERTY ACT 1925 S1)(2)(A)
650 _aLAW OF PROPERTY ACT 1925
650 _aPROTECTION
650 _aREGISTERED LAND
650 _aUNREGISTERED LAND
690 _aHIGHWAYS RIGHTS OF WAY AND EASEMENTS
942 _n0
948 _c07/01/1999
999 _c57423
_d57423